|
|
|
|
| LEADER |
00000cam a2200000 a 4500 |
| 001 |
vtls008370747 |
| 003 |
SK-MaSNL |
| 005 |
20260301075346.0 |
| 008 |
250313s1937 xr 000 0 slo |
| 015 |
|
|
|a SNBA19191938-002632
|
| 035 |
|
|
|a SK01SNKBSKHR20020062964
|
| 035 |
|
|
|a urn:nbn:sk:snk-am3hl7p
|
| 035 |
|
|
|a B3E69A94-1B65-4707-87ED-C7C04907E7D2
|
| 035 |
|
|
|a urn:nbn:sk:snk-am00d4ak
|
| 035 |
|
|
|a SKM000065427
|
| 040 |
|
|
|a SNK
|b slo
|c SNK
|e AACR2
|
| 041 |
0 |
|
|a slo
|
| 044 |
|
|
|a xr
|c CZ
|
| 080 |
|
|
|a 629.7
|2 1981
|
| 100 |
1 |
|
|a Fischer, Ľudovít
|4 aut
|9 308823
|
| 245 |
1 |
0 |
|a Lietadlové modely
|c Ľudovít Fischer
|
| 260 |
|
|
|a V Prahe
|b Štátne nakladateľstvo
|c 1937
|
| 300 |
|
|
|a 46, [1] s.
|b ilustr.
|c 8°
|
| 650 |
0 |
7 |
|a lietadlá
|2 SNKPH
|9 4248
|
| 650 |
0 |
7 |
|a modelárstvo
|2 SNKPH
|9 3668
|
| 655 |
|
7 |
|a príručky
|2 SNKPH
|9 74364
|
| 752 |
|
|
|a Česko
|d Praha
|
| 852 |
|
|
|a Slovenská národná knižnica
|
| 954 |
|
|
|a odborná, vedecká literatúra pôvodná (slovenská)
|2 lita
|
| 958 |
|
|
|a RK
|
| 958 |
|
|
|a TL
|
| 958 |
|
|
|a OND
|
| 999 |
|
|
|c 649949
|d 651879
|
| 952 |
|
|
|a SNK
|b SNK
|y VYP
|7 0
|p 17A0553134
|o snkSD 5199/1 D1
|i snkKSF 1868/58
|8 5
|0 0
|1 0
|4 0
|d 2007-06-23
|l 0
|r 2026-02-23 18:19:33
|w 2026-02-23
|
| 952 |
|
|
|a SNK
|b SNK
|y PREZ
|7 0
|p 17A0912789
|o snkSD 5199/1
|i snk778/45
|0 0
|1 0
|4 0
|d 2018-07-23
|f 1
|l 0
|r 2025-11-12 00:00:00
|w 2026-02-23
|